|
|
|
|
| LEADER |
01969nam a2200433Ii 4500 |
| 001 |
36576 |
| 003 |
BD-DhAAL |
| 005 |
20240709103734.0 |
| 008 |
191112t20182018mnu 000 1 eng d |
| 020 |
|
|
|a 9781644450000
|
| 020 |
|
|
|a 9780571338757
|
| 020 |
|
|
|a 1644450003
|
| 035 |
|
|
|a NHCCYBP
|a NHCCYBP
|
| 035 |
|
|
|a (OCoLC)1066115046
|
| 035 |
|
|
|a NHCCYBP
|
| 040 |
|
|
|a NjBwBT
|b eng
|e rda
|c FMG
|d FMG
|d BDX
|d UAP
|d TCH
|d OCLCO
|d OCLCQ
|d TOH
|d VP@
|d BD-DhAAL
|
| 043 |
|
|
|a e-uk-ni
|
| 049 |
|
|
|a MYGH
|
| 050 |
1 |
4 |
|a PR6102.U76
|b M55 2018
|
| 082 |
0 |
4 |
|a 823.92
|2 23
|
| 100 |
1 |
|
|a Burns, Anna,
|d 1962-
|e author.
|9 37006
|
| 245 |
1 |
0 |
|a Milkman /
|c Anna Burns.
|
| 260 |
|
|
|a London :
|b Faber & Faber,
|c 2018.
|
| 300 |
|
|
|a 348 pages ;
|c 21 cm.
|
| 520 |
|
|
|a In Northern Ireland during the Troubles of the 1970s, an unnamed narrator finds herself targeted by a high-ranking dissident known as Milkman.
|
| 526 |
|
|
|a ENH, AAL
|
| 541 |
|
|
|a Book Finder International, R K Corporation
|e 36576, 36577, 42445
|
| 586 |
|
|
|a Man Booker Prize for Fiction, 2018.
|
| 650 |
|
0 |
|a Sisters
|v Fiction.
|9 37007
|
| 650 |
|
0 |
|a Stalking
|v Fiction.
|9 37008
|
| 650 |
|
7 |
|a FICTION
|x Literary.
|9 37009
|
| 650 |
|
7 |
|a English fiction.
|
| 651 |
|
0 |
|a Northern Ireland
|x History
|y 1968-1998
|v Fiction.
|9 37010
|
| 852 |
|
|
|a Ayesha Abed Library
|
| 942 |
|
|
|2 ddc
|c BK
|
| 999 |
|
|
|c 40847
|d 40847
|
| 952 |
|
|
|0 0
|1 0
|2 ddc
|4 0
|6 823_920000000000000_BUR
|7 0
|9 67031
|a BRACUL
|b BRACUL
|c AWC
|d 2019-11-05
|e Book Finder International
|g 620.00
|l 13
|m 32
|o 823.92 BUR
|p 3010036577
|r 2025-07-24
|s 2025-07-15
|t 2
|v 620.00
|w 2019-11-05
|y AWC
|
| 952 |
|
|
|0 0
|1 0
|2 ddc
|4 0
|6 823_920000000000000_BUR
|7 0
|9 67032
|a BRACUL
|b BRACUL
|c AWC
|d 2019-11-05
|e Book Finder International
|g 620.00
|l 9
|m 12
|o 823.92 BUR
|p 3010036576
|r 2025-05-18
|s 2025-05-12
|t 1
|v 620.00
|w 2019-11-05
|y AWC
|
| 952 |
|
|
|0 0
|1 0
|2 ddc
|4 0
|6 823_920000000000000_BUR
|7 0
|9 75307
|a BRACUL
|b BRACUL
|c AWC
|d 2024-03-28
|e R K Corporation
|g 975.00
|l 9
|m 4
|o 823.92 BUR
|p 3010042445
|r 2025-02-10
|s 2025-01-19
|t 3
|v 975.00
|w 2024-03-28
|y AWC
|